Niall Horan - Pretty - All lyrics - Statistics

General Stats
  • This quiz has been taken 3 times
  • The average score is 96 of 142
Answer Stats
Answer % Correct
a
100%
Baby,
100%
fucking
100%
pretty
100%
so
100%
you
100%
and
67%
And
67%
at
67%
can
67%
can't
67%
For
67%
I
67%
It
67%
it
67%
me
67%
my
67%
of
67%
on
67%
out
67%
That
67%
the
67%
this
67%
to
67%
Was
67%
What
67%
what
67%
when
67%
your
67%
You're
67%
answer
33%
asking
33%
good
33%
know
33%
questions
33%
see?
33%
see
33%
something
33%
that's
33%
view
33%
What's
33%
witty
33%
backwards
0%
blind
0%
coming
0%
flickers
0%
hang-ups
0%
hold
0%
kind
0%
mouth
0%
poetic,
0%
side
0%
somehow
0%
someway,
0%
sunny
0%
temper
0%
Through
0%
triggers
0%
wish
0%
No matching quizzes found
Score Distribution
Percent of People with Each Score
Percentile by Number Answered
Your Score History
You have not taken this quiz